Van Leeuwen v SoS Environment & Devon CC (Record no. 16721)
[ view plain ]
| 000 -LEADER | |
|---|---|
| fixed length control field | 01626cab a2200229 4500 |
| 001 - CONTROL NUMBER | |
| control field | X2549 |
| 008 - FIXED-LENGTH DATA ELEMENTS--GENERAL INFORMATION | |
| fixed length control field | 090401t1995 xxu||||| |||| 00| 0 eng d |
| 035 ## - SYSTEM CONTROL NUMBER | |
| System control number | (Sirsi) u24936 |
| 041 ## - LANGUAGE CODE | |
| Language code of text/sound track or separate title | eng |
| 245 ## - TITLE STATEMENT | |
| Title | Van Leeuwen v SoS Environment & Devon CC |
| 260 ## - PUBLICATION, DISTRIBUTION, ETC. | |
| Date of publication, distribution, etc. | 1995 |
| 350 ## - PRICE (NR) (BK AM CF MU VM SE) [OBSOLETE] | |
| Price | 0 |
| 490 ## - SERIES STATEMENT | |
| Series statement | New Property Cases |
| Volume/sequential designation | 1995 NPC 157 |
| 520 ## - SUMMARY, ETC. | |
| Summary, etc. | QB 13 October 1995. The plaintiff moved to quash a decission of the SoS confirming an order prohibiting the resumption of mineral workings. The order was sealed by Devon CC but expressed to bve made by Dartmoor National park Authority. The plaintiff argued that the function of making a prohibiting order under the Town & Country Planning Act 1990 ss9(3) was not a function of the County Council as planning authority but as mineral authority and that under Local Government Act 1972 ss17, only the mineral authority had jurisdiction to make the order. As to the decision itself, he argued that the SoS should be concerned with the facts not only at the date of the Order but also at that of the Inquiry. Although the quarry had previously been disused for a period of 20 years, by that time he had purchased the quarry subject to the unconfirmed Order and had begun working there. S 9(3)(2)(b) required the Mineral Planning Authority to be satisfied that the work had permanently ceased. The Inspe |
| 650 ## - SUBJECT ADDED ENTRY--TOPICAL TERM | |
| Topical term or geographic name entry element | LOCAL GOVERNMENT ACT 1972 S 17 |
| 650 ## - SUBJECT ADDED ENTRY--TOPICAL TERM | |
| Topical term or geographic name entry element | MINERAL WORKINGS |
| 650 ## - SUBJECT ADDED ENTRY--TOPICAL TERM | |
| Topical term or geographic name entry element | TOWN & COUNTRY PLANNING ACT 1990 S 9(3) |
| 650 ## - SUBJECT ADDED ENTRY--TOPICAL TERM | |
| Topical term or geographic name entry element | VAN LEEUWEN V SOS ENVIRONMENT & DEVON CC |
| 690 ## - LOCAL SUBJECT ADDED ENTRY--TOPICAL TERM (OCLC, RLIN) | |
| Topical term or geographic name as entry element | PLANNING LAW AND PRACTICE-CASE LAW |
| 942 ## - ADDED ENTRY ELEMENTS (KOHA) | |
| Suppress in OPAC | 0 |
| 948 ## - LOCAL PROCESSING INFORMATION (OCLC); SERIES PART DESIGNATOR (RLIN) | |
| c (OCLC) | 04/03/1997 |
| Withdrawn status | Lost status | Source of classification or shelving scheme | Damaged status | Not for loan | Home library | Current library | Shelving location | Date acquired | Total Checkouts | Full call number | Barcode | Date last seen | Copy number | Price effective from | Koha item type |
|---|---|---|---|---|---|---|---|---|---|---|---|---|---|---|---|
| Dewey Decimal Classification | London | London | Journal article | 14/09/1999 | X2549 | 24936-1001 | 06/08/2019 | 1 | 06/08/2019 | Law report |